[Event "chess.com SpeedChess 2023"]
[Site "chess.com INT"]
[Date "2023.09.22"]
[Round "4.6"]
[White "Carlsen,M"]
[Black "Nakamura,Hi"]
[Result "1-0"]
[WhiteElo "2839"]
[BlackElo "2780"]

1.d4 Nf6 2.c4 e6 3.Nf3 b6 4.Nc3 Bb7 5.a3 d5 6.cxd5 Nxd5 7.Qc2 Nxc3 8.bxc3 Be7
9.e4 O-O 10.Bd3 c5 11.O-O Qc7 12.Qe2 Rd8 13.Rd1 h6 14.Bb2 Nd7 15.d5 exd5
16.exd5 Bf6 17.c4 Re8 18.Qc2 Bxb2 19.Qxb2 Qf4 20.a4 Rab8 21.h3 Ba6 22.Qd2 Qd6
23.Re1 Nf6 24.Qc3 Rxe1+ 25.Rxe1 Re8 26.Ne5 Bc8 27.a5 bxa5 28.Nc6 a4 29.Rxe8+ Nxe8
30.Bc2 Bd7 31.Bxa4 Bxc6 32.Bxc6 Nf6 33.Qe3 Kf8 34.g3 g5 35.Qd3 Kg7 36.Kg2 Ng8
37.Qa3 Qe7 38.Qc3+ Nf6 39.Kg1 Qe4 40.Bb5 Qe7 41.Ba4 Qe4 42.Bc2 Qe7 43.Qd2 Qd6
44.Qa5 Qe7 45.Qa1 Kg8 46.Qc3 Ne8 47.Qa3 Nf6 48.Bd3 Kg7 49.Bf1 Ne4 50.Qe3 Kf8
51.d6 Nxd6 52.Qxc5 Kg7 53.Qd4+ Qf6 54.Qxa7 Ne4 55.Qe3 Nd6 56.c5 Nf5 57.Qe4 Nd4
58.Bg2 Ne6 59.c6 Qa1+ 60.Kh2 Qc3 61.Qf5 Qd4 62.Bd5 Qf6 63.Bxe6  1-0

[Event "chess.com SpeedChess 2023"]
[Site "chess.com INT"]
[Date "2023.09.22"]
[Round "4.1"]
[White "Nakamura,Hi"]
[Black "Carlsen,M"]
[Result "1/2-1/2"]
[WhiteElo "2780"]
[BlackElo "2839"]

1.e4 e5 2.Nf3 Nc6 3.Bb5 a6 4.Ba4 Nf6 5.O-O Be7 6.d3 b5 7.Bb3 O-O 8.Re1 d6
9.c3 Na5 10.Bc2 c5 11.Nbd2 Nc6 12.Nf1 Be6 13.Ng3 Re8 14.h3 h6 15.Bb3 Bxb3
16.axb3 d5 17.Qe2 Bf8 18.Nh2 Qd7 19.Qf3 dxe4 20.dxe4 Qe6 21.Nf5 Kh7 22.Nf1 Rad8
23.N1e3 a5 24.Qe2 Qxb3 25.Ra3 Qe6 26.Qxb5 Nxe4 27.Ra4 Nd4 28.cxd4 exd4 29.Qxa5 dxe3
30.Nxe3 Qc6 31.Qa6 Qxa6 32.Rxa6 c4 33.Ra4 c3 34.bxc3 Nxc3 35.Rc4 Ne4 36.Rc2 Bc5
37.Nf1 Bxf2+ 38.Rxf2 Nxf2 39.Rxe8 Rxe8 40.Kxf2 Ra8 41.Be3 Ra2+ 42.Kf3 Ra3
43.g4  1/2-1/2

[Event "chess.com SpeedChess 2023"]
[Site "chess.com INT"]
[Date "2023.09.22"]
[Round "4.2"]
[White "Carlsen,M"]
[Black "Nakamura,Hi"]
[Result "1-0"]
[WhiteElo "2839"]
[BlackElo "2780"]

1.e4 e5 2.Nf3 Nc6 3.Bb5 Nf6 4.d3 Bc5 5.Ba4 O-O 6.O-O Re8 7.c3 Bf8 8.Re1 h6
9.Nbd2 d6 10.d4 Bd7 11.h3 g6 12.Bc2 Bg7 13.Nf1 Qe7 14.Ng3 Qf8 15.Be3 Rad8
16.Qd2 Na5 17.b3 c5 18.Rad1 b6 19.Qe2 exd4 20.cxd4 Nc6 21.d5 Ne5 22.Nxe5 Rxe5
23.Qa6 Re7 24.a4 Bc8 25.Qf1 Nd7 26.f4 h5 27.e5 dxe5 28.f5 e4 29.Nxe4 Rde8
30.Bf4 gxf5 31.Nd6 Ba6 32.Rxe7  1-0

[Event "chess.com SpeedChess 2023"]
[Site "chess.com INT"]
[Date "2023.09.22"]
[Round "4.24"]
[White "Carlsen,M"]
[Black "Nakamura,Hi"]
[Result "1-0"]
[WhiteElo "2839"]
[BlackElo "2780"]

1.e4 e5 2.Nf3 Nc6 3.Bb5 a6 4.Ba4 d6 5.O-O Bd7 6.c3 g6 7.d4 Bg7 8.Bg5 Nge7
9.Re1 f6 10.Be3 O-O 11.dxe5 fxe5 12.h3 h6 13.c4 g5 14.c5 g4 15.hxg4 Bxg4
16.cxd6 cxd6 17.Nbd2 Kh8 18.Rc1 Ng6 19.Bxc6 bxc6 20.Qa4 c5 21.b4 cxb4 22.Qxb4 Nf4
23.Bxf4 Rxf4 24.Rc6 Bf8 25.Rec1 Qe8 26.Qb7 Rb8 27.Qxa6 Rf6 28.Rc7 Qg6 29.Qa7 Rb2
30.Qe3 Rxa2 31.Rb7 Ra8 32.Nh4 Qh5 33.Ndf3 Rf7 34.Qb3 Be7 35.Qd5 Raf8 36.Rcc7 Re8
37.Qb5 Rg7 38.Kf1 Bxf3 39.Nxf3 Rf8 40.Rxe7 Qh1+ 41.Ke2 Qxg2 42.Qd3 Rxe7 43.Rxe7 h5
44.Qe3 Rf6 45.Qb3 Rf8 46.Rf7 Rxf7 47.Qxf7 Qg4 48.Qf5  1-0

[Event "chess.com SpeedChess 2023"]
[Site "chess.com INT"]
[Date "2023.09.22"]
[Round "4.22"]
[White "Carlsen,M"]
[Black "Nakamura,Hi"]
[Result "1-0"]
[WhiteElo "2839"]
[BlackElo "2780"]

1.e4 e5 2.Nf3 Nc6 3.Bb5 a6 4.Ba4 d6 5.O-O Bd7 6.c4 g6 7.Bxc6 Bxc6 8.d4 Bg7
9.Nc3 Ne7 10.Be3 O-O 11.d5 Bd7 12.c5 Bg4 13.h3 Bxf3 14.Qxf3 f5 15.Rfc1 fxe4
16.Qe2 Nf5 17.Nxe4 Bh6 18.Bxh6 Nxh6 19.cxd6 cxd6 20.Rc3 Nf5 21.Rac1 Rf7 22.Qd2 h6
23.g4 Qh4 24.gxf5 Qxe4 25.fxg6 Rf4 26.Rg3 Qf5 27.Rc7 Rf8 28.g7 Rf7 29.Rxf7 Qxf7
30.Qc2 Qe8 31.Qc7 Rf6 32.Qxb7 e4 33.Qxa6 e3 34.Rxe3 Qg6+ 35.Rg3 Qb1+ 36.Qf1 Qxb2
37.Qe1 Qb8 38.a4 Rf7 39.a5 Rb7 40.Qe6+ Rf7 41.Rf3  1-0

[Event "chess.com SpeedChess 2023"]
[Site "chess.com INT"]
[Date "2023.09.22"]
[Round "4.3"]
[White "Nakamura,Hi"]
[Black "Carlsen,M"]
[Result "1/2-1/2"]
[WhiteElo "2780"]
[BlackElo "2839"]

1.e4 e5 2.Nf3 Nc6 3.Bb5 a6 4.Ba4 Nf6 5.O-O Be7 6.d3 b5 7.Bb3 O-O 8.Re1 d6
9.c3 Na5 10.Bc2 c5 11.Nbd2 Nc6 12.Nf1 Re8 13.Ng3 h6 14.h3 Bf8 15.Nh2 d5 16.Qf3 d4
17.Ng4 Nxg4 18.hxg4 g6 19.Bb3 Be6 20.Bd5 Rc8 21.a4 dxc3 22.bxc3 b4 23.Bb2 Qd7
24.Nf1 bxc3 25.Bxc3 Nd4 26.Bxd4 cxd4 27.Reb1 Bxd5 28.exd5 Red8 29.Ng3 Qxd5
30.Ne4 Be7 31.Rb7 Rd7 32.Rb6 Rc6 33.Rab1 Kg7 34.Rb8 Rdc7 35.Rg8+ Kxg8 36.Nf6+ Bxf6
37.Qxd5 Rc1+ 38.Rxc1 Rxc1+ 39.Kh2 Kg7 40.Qa5 Rc6 41.f3 Re6 42.g3 g5 43.Kg2 Be7
44.Qd5 Bf6 45.a5 Kg6 46.Qa8 Kg7 47.Kf2 Be7 48.Qb7 Bd8 49.Qd5 Bf6 50.Ke2 Re7
51.Kd2 Re6 52.Kc2 Re7 53.Qc4 Re6 54.Kb3 Bd8 55.Qd5 Bf6 56.Kc4 Re8 57.Qb7 Re6
58.Qc8 Rd6 59.Qc7 Re6 60.Kd5 Kg6 61.Ke4 Kg7 62.Kd5 Re7 63.Qc8 Re6  1/2-1/2

[Event "chess.com SpeedChess 2023"]
[Site "chess.com INT"]
[Date "2023.09.22"]
[Round "4.26"]
[White "Carlsen,M"]
[Black "Nakamura,Hi"]
[Result "1/2-1/2"]
[WhiteElo "2839"]
[BlackElo "2780"]

1.e4 e5 2.Nf3 Nc6 3.Nc3 g6 4.d4 exd4 5.Nxd4 Bg7 6.Be3 Nge7 7.Qd2 d6 8.O-O-O h6
9.Be2 Be6 10.Rhe1 Qd7 11.Nxc6 Nxc6 12.Nd5 a6 13.f4 O-O-O 14.Bf3 Kb8 15.Kb1 Rhe8
16.Bf2 Rc8 17.Bh4 Nd4 18.Nf6 Bxf6 19.Bxf6 Nxf3 20.gxf3 Bxa2+ 21.Kc1 Be6 22.h4 Qb5
23.Qd3 Qa5 24.Qc3 Qh5 25.b3 Ka8 26.Kb2 Qb5 27.h5 Qxh5 28.Rh1 Qb5 29.Rxh6 a5
30.Rg1 b6 31.Rg5 c5 32.Rh2 a4 33.Rd2 axb3 34.cxb3 Kb7 35.Rxd6 Ra8 36.f5 Qf1
37.fxe6 Ra1 38.Qc2 Rea8 39.Rd7+ Kc6 40.Rxc5+ bxc5 41.Rc7+ Kxc7 42.Qxc5+ Kb7
43.Qd5+ Kb8 44.Be5+  1/2-1/2

[Event "chess.com SpeedChess 2023"]
[Site "chess.com INT"]
[Date "2023.09.22"]
[Round "4.5"]
[White "Nakamura,Hi"]
[Black "Carlsen,M"]
[Result "1/2-1/2"]
[WhiteElo "2780"]
[BlackElo "2839"]

1.e4 e5 2.Nf3 Nc6 3.Bb5 a6 4.Ba4 Nf6 5.O-O Be7 6.d3 b5 7.Bb3 O-O 8.Re1 d6
9.c3 Na5 10.Bc2 c5 11.Nbd2 Nc6 12.Nf1 h6 13.h3 Re8 14.a4 Be6 15.Ng3 Bf8 16.Nh2 d5
17.exd5 Qxd5 18.Nhf1 b4 19.Ne3 Qd7 20.Nc4 Bxc4 21.dxc4 Qxd1 22.Rxd1 bxc3
23.bxc3 Na5 24.Nf1 Nxc4 25.Ne3 Nxe3 26.Bxe3 Red8 27.Bd3 Nd5 28.Rac1 Nxe3
29.fxe3 a5 30.Bb5 Be7 31.Kf2 g6 32.Ke2 Kg7 33.Rxd8 Rxd8 34.Rd1 Bd6 35.g4 f5
36.gxf5 gxf5 37.e4 f4 38.Kf3 Kf6 39.h4 h5 40.Bc4 Be7 41.Rxd8 Bxd8 42.Kg2 Kg6
43.Kh3 Kh6 44.Be2  1/2-1/2

[Event "chess.com SpeedChess 2023"]
[Site "chess.com INT"]
[Date "2023.09.22"]
[Round "4.4"]
[White "Carlsen,M"]
[Black "Nakamura,Hi"]
[Result "1/2-1/2"]
[WhiteElo "2839"]
[BlackElo "2780"]

1.e4 e5 2.Nf3 Nc6 3.Bb5 Nf6 4.O-O Nxe4 5.Re1 Nd6 6.Nxe5 Be7 7.Bf1 Nf5 8.Nf3 O-O
9.d4 d5 10.c3 Re8 11.Na3 a6 12.Nc2 Bd6 13.g3 g6 14.Bg2 f6 15.Nd2 Nce7 16.c4 c6
17.cxd5 Nxd5 18.Ne4 Bf8 19.Nc3 Be6 20.Nxd5 Bxd5 21.Rxe8 Qxe8 22.Bxd5+ cxd5
23.Ne3 Nxe3 24.Bxe3 Rc8  1/2-1/2

[Event "AI Cup Div 1 W"]
[Site "chess.com INT"]
[Date "2023.09.25"]
[Round "1.1"]
[White "Carlsen,M"]
[Black "Nakamura,Hi"]
[Result "1-0"]
[WhiteElo "2839"]
[BlackElo "2780"]

1.Nf3 Nf6 2.c4 b6 3.g3 Bb7 4.Bg2 e6 5.O-O Be7 6.Nc3 O-O 7.Re1 d5 8.cxd5 Nxd5
9.e4 Nxc3 10.bxc3 c5 11.d4 cxd4 12.cxd4 Nc6 13.Bb2 Na5 14.Rc1 Rc8 15.Qd3 Qd7
16.d5 Rxc1 17.Rxc1 exd5 18.Ne5 Qa4 19.exd5 Qxa2 20.Qc3 Bf6 21.Ra1 Qb3 22.Qxb3 Nxb3
23.Rxa7 Nc5 24.f4 Ra8 25.Rxa8+ Bxa8 26.Kf2 Kf8 27.Ke3 Ke8 28.Ba3 Be7 29.Nc4 b5
30.Ne5 Bb7 31.Nc6 Bxc6 32.dxc6 Na6 33.Bb2 f6 34.Ke4 Bd6 35.h4 Ke7 36.h5 g6
37.h6 Ke6 38.Bf1 Nc7 39.g4 f5+ 40.Kf3 Bf8 41.Bd3 Bd6 42.gxf5+ gxf5 43.Bb1 Bf8
44.Be5 Bd6 45.Bxd6 Kxd6 46.Bxf5  1-0

[Event "AI Cup Div 1 W"]
[Site "chess.com INT"]
[Date "2023.09.25"]
[Round "1.3"]
[White "Carlsen,M"]
[Black "Nakamura,Hi"]
[Result "1-0"]
[WhiteElo "2839"]
[BlackElo "2780"]

1.Nf3 Nf6 2.c4 d6 3.Nc3 g6 4.e4 Bg7 5.d4 O-O 6.Be2 Na6 7.O-O e5 8.Be3 Ng4
9.Bg5 Qe8 10.dxe5 dxe5 11.Qc1 h6 12.Bd2 Kh7 13.c5 c6 14.Bxa6 bxa6 15.h3 Nf6
16.Rd1 Qe7 17.Be3 Ne8 18.Qc2 f5 19.exf5 gxf5 20.Re1 Qf7 21.Rad1 Rg8 22.Ne2 Be6
23.Ng3 Kh8 24.Nh4 Rf8 25.Bd2 f4 26.Ng6+ Kg8 27.Nh5 Bh8 28.Nxf8 Kxf8 29.g4 fxg3
30.Bxh6+ Kg8 31.Nxg3 Bxa2 32.Qe4 Bd5 33.Qg4+ Kh7 34.Qh4 Kg8 35.Ne4 Qf5 36.Rd3 Ng7
37.Nf6+ Kf7 38.Nxd5 Qxd3 39.Qe7+ Kg6 40.Qd6+ Kf7 41.Qd7+  1-0

[Event "AI Cup Div 1 W"]
[Site "chess.com INT"]
[Date "2023.09.25"]
[Round "1.2"]
[White "Nakamura,Hi"]
[Black "Carlsen,M"]
[Result "1/2-1/2"]
[WhiteElo "2780"]
[BlackElo "2839"]

1.d4 d5 2.Nc3 Nf6 3.Bf4 c5 4.e4 Nxe4 5.Nb5 Na6 6.f3 Nd6 7.dxc5 Nxb5 8.Bxb5+ Bd7
9.Bxa6 Qa5+ 10.b4 Qxa6 11.Qxd5 e6 12.Qb3 Be7 13.a4 O-O 14.Be5 Qc6 15.Ne2 a5
16.c3 axb4 17.cxb4 Rxa4 18.Rd1 Qb5 19.Rb1 Qa6 20.Bb2 b6 21.Nc3 bxc5 22.Nxa4 Bxa4
23.Qc3 Bf6 24.Qe3 Bh4+ 25.g3 Be7 26.bxc5 Rb8 27.Kf2 Qc4 28.Rhc1 Bc2 29.Qd2 Qxc5+
30.Kg2 Bxb1 31.Rxc5 Bxc5 32.Be5 Ra8 33.Qc1 Ra2+ 34.Kh3 Bc2 35.Bb2 Rxb2 36.Qxb2 Bg6
37.Qb8+ Bf8 38.Kg2  1/2-1/2

[Event "AI Cup Div 1 L"]
[Site "chess.com INT"]
[Date "2023.09.26"]
[Round "1.1"]
[White "Nakamura,Hi"]
[Black "Giri,A"]
[Result "0-1"]
[WhiteElo "2780"]
[BlackElo "2760"]

1.b3 d5 2.Bb2 c5 3.e3 Nf6 4.f4 g6 5.Bb5+ Bd7 6.Bxd7+ Qxd7 7.Nf3 Bg7 8.Qe2 O-O
9.d3 Nc6 10.Nbd2 d4 11.e4 b5 12.O-O Ng4 13.Rfe1 Bh6 14.g3 e5 15.fxe5 Rae8
16.a4 a6 17.axb5 axb5 18.Bc1 Be3+ 19.Kg2 Nf2 20.Ng1 Nxe5 21.Nf1 Bxc1 22.Raxc1 f5
23.Qxf2 fxe4 24.Qd2 e3 25.Nxe3 Qc6+ 26.Kh3 dxe3 27.Rxe3 Qe6+ 28.Kg2 Qd5+
29.Kh3 Ng4  0-1

[Event "AI Cup Div 1 L"]
[Site "chess.com INT"]
[Date "2023.09.26"]
[Round "1.2"]
[White "Giri,A"]
[Black "Nakamura,Hi"]
[Result "1-0"]
[WhiteElo "2760"]
[BlackElo "2780"]

1.e4 g6 2.d4 Bg7 3.Nf3 b6 4.Bd3 Bb7 5.O-O d6 6.Re1 Nd7 7.a4 a6 8.a5 b5 9.c4 bxc4
10.Bxc4 e6 11.d5 e5 12.b4 Ne7 13.b5 O-O 14.Nc3 h6 15.bxa6 Bxa6 16.Qe2 Bc8
17.a6 f5 18.a7 g5 19.Ra3 f4 20.h3 Kh8 21.Bd2 Nb6 22.Nb5 Bd7 23.Bd3 Nec8 24.Rea1 Rf7
25.Bb4 Bf6 26.Nh2 Kh7 27.Nc3 c6 28.dxc6 Bxc6 29.Bb5 Bb7 30.Qh5 Qf8 31.Be2 Bd8
32.Bg4 Nd7 33.Be6 Re7 34.Bf5+ Kh8 35.Ng4 Nf6 36.Qg6 Nxg4 37.hxg4 Qg7 38.Qxg7+ Kxg7
39.Nd5 Bxd5 40.exd5 Rc7 41.Bxc8 Rcxc8 42.Bxd6 e4 43.Rb1 e3 44.fxe3 fxe3 45.Rb7+ Kg8
46.Rxe3 Bf6 47.Be5 Be7 48.Rxe7  1-0

[Event "Qatar Masters Open 2023"]
[Site "Doha QAT"]
[Date "2023.10.11"]
[Round "1.2"]
[White "Vantika,Agrawal"]
[Black "Nakamura,Hi"]
[Result "0-1"]
[WhiteElo "2435"]
[BlackElo "2780"]

1.d4 Nf6 2.c4 e6 3.Nf3 d5 4.g3 Bb4+ 5.Bd2 Be7 6.Bg2 Ne4 7.Qc2 c6 8.O-O Nd7
9.Nc3 f5 10.Nxe4 fxe4 11.Ne5 Nxe5 12.dxe5 O-O 13.Rad1 b6 14.Be3 Qe8 15.f3 Ba6
16.b3 exf3 17.exf3 Qg6 18.Qc1 Rad8 19.f4 h5 20.Bh3 h4 21.Kf2 dxc4 22.bxc4 c5
23.Qb1 Qh6 24.Qe4 hxg3+ 25.Kxg3 Bc8 26.Kg2 Qh5 27.Rxd8 Rxd8 28.f5 Qe2+ 29.Rf2 Qd3
30.Qxd3 Rxd3 31.f6 Bxf6 32.exf6 Rxe3 33.Bg4 Bb7+ 34.Kg1 Ba6 35.Rf4 gxf6 36.Kf2 Re5
37.Rxf6 Bxc4 38.a3 Bd5 39.h4 Re4 40.Kg3 Kg7 41.Rf2 c4 42.h5 c3 43.Bd1 Rd4
44.Bc2 Rd2 45.Rxd2 cxd2 46.Kf4 e5+ 47.Ke3 Bf7 48.Kxd2 Bxh5 49.Kc3 Be8 50.Bd3 Kf6
51.Kc4 Bc6 52.Bc2 Kg5 53.a4 a5 54.Kd3 Kf4 55.Ke2 e4 56.Bb3 e3 57.Bc2 b5 58.axb5 Bxb5+
59.Kd1 a4 60.Kc1 a3 61.Bd1 Bd3 62.Bh5  0-1

[Event "Qatar Masters Open 2023"]
[Site "Doha QAT"]
[Date "2023.10.12"]
[Round "2.2"]
[White "Nakamura,Hi"]
[Black "Dai,Changren"]
[Result "1-0"]
[WhiteElo "2780"]
[BlackElo "2507"]

1.e4 e5 2.Nf3 Nc6 3.Bc4 Bc5 4.d3 Nf6 5.c3 d6 6.O-O O-O 7.Re1 a5 8.h3 Ba7
9.Bb3 Be6 10.Bc2 Ne7 11.d4 Ng6 12.Be3 c6 13.Nbd2 Nh5 14.Bd3 Nhf4 15.Bf1 f6
16.Kh2 Bf7 17.a4 Bb8 18.g3 Ne6 19.Qc2 Bc7 20.Rad1 Qe7 21.d5 Ng5 22.Nxg5 fxg5
23.b4 axb4 24.cxb4 Rfc8 25.Qb3 h6 26.Bc4 Nf8 27.Rc1 cxd5 28.Bxd5 Nd7 29.Qd3 Bb6
30.Nc4 Bxe3 31.Nxe3 Rxc1 32.Nf5 Qf8 33.Rxc1 Nf6 34.Bxb7 Rd8 35.Rc7 Kh8 36.Qc2 d5
37.Qc5 Nxe4 38.Qxf8+ Rxf8 39.Ne7 Nxf2 40.Bxd5 Bxd5 41.Ng6+ Kg8 42.Nxf8 Kxf8
43.Rc5 Be6 44.Rxe5 Ke7 45.a5  1-0

[Event "Qatar Masters Open 2023"]
[Site "Doha QAT"]
[Date "2023.10.13"]
[Round "3.2"]
[White "Vokhidov,Shamsiddin"]
[Black "Nakamura,Hi"]
[Result "1/2-1/2"]
[WhiteElo "2578"]
[BlackElo "2780"]

1.e4 c5 2.Nf3 Nc6 3.Bb5 d6 4.O-O Bd7 5.Re1 Nf6 6.c3 a6 7.Bf1 Bg4 8.h3 Bxf3
9.Qxf3 e6 10.Na3 Be7 11.Nc2 O-O 12.d4 cxd4 13.Nxd4 d5 14.Nxc6 bxc6 15.exd5 cxd5
16.Be3 Nd7 17.Rad1 Qc8 18.Bd4 Bf6 19.Bxf6 Nxf6 20.c4 dxc4 21.Rc1 Qb8 22.Qa3 Rc8
23.Rxc4 Rxc4 24.Bxc4 a5 25.Rd1 h6 26.Qf3 Ra7 27.b3 Qe5 28.Rd8+ Kh7 29.Qd3+ g6
30.Qd4 Qxd4 31.Rxd4 Rc7 32.f3 a4 33.Kf2 Kg7 34.Ke3 Kf8 35.Rd8+ Ke7 36.Ra8 axb3
37.axb3 Nd5+ 38.Bxd5 exd5  1/2-1/2

[Event "Qatar Masters Open 2023"]
[Site "Doha QAT"]
[Date "2023.10.14"]
[Round "4.2"]
[White "Nakamura,Hi"]
[Black "Kevlishvili,Robby"]
[Result "1-0"]
[WhiteElo "2780"]
[BlackElo "2521"]

1.e4 e5 2.Nf3 Nc6 3.Bc4 Bc5 4.c3 Nf6 5.d3 d6 6.O-O a6 7.a4 O-O 8.Re1 Ba7
9.h3 Be6 10.Bxe6 fxe6 11.Be3 Bxe3 12.Rxe3 d5 13.Nbd2 d4 14.cxd4 exd4 15.Re2 Nd7
16.Qb3 Qe7 17.Rc1 Na5 18.Qa3 Qxa3 19.bxa3 c5 20.Rb1 Rab8 21.e5 b5 22.axb5 axb5
23.Ne4 Rb6 24.Rc2 c4 25.dxc4 Nxc4 26.Rd1 Rxf3 27.gxf3 Ndxe5 28.f4 d3 29.Ra2 Ng6
30.Rxd3 Nxf4 31.Rb3 Nd5 32.Nc3 Nxc3 33.Rxc3 Ra6 34.Rb3 Kf7 35.Rxb5 Rxa3 36.Rxa3 Nxa3
37.Rc5 Nb1 38.f3 Nd2 39.Rc3 e5 40.Kf2 e4 41.f4 Nf3 42.Ke3 Nh4 43.Kxe4 Ng6
44.f5 Nf8 45.h4 Ke7 46.Rc7+ Kf6 47.Rc6+ Kf7 48.h5 h6 49.f6 g6 50.Ra6  1-0

[Event "Qatar Masters Open 2023"]
[Site "Doha QAT"]
[Date "2023.10.15"]
[Round "5.2"]
[White "Sindarov,Javokhir"]
[Black "Nakamura,Hi"]
[Result "1/2-1/2"]
[WhiteElo "2658"]
[BlackElo "2780"]

1.e4 c5 2.Nf3 Nc6 3.Nc3 g6 4.d4 cxd4 5.Nxd4 Bg7 6.Be3 Nf6 7.Bc4 O-O 8.Bb3 d6
9.f3 Qa5 10.Qd2 Nxd4 11.Bxd4 Be6 12.O-O-O b5 13.Kb1 b4 14.Nd5 Bxd5 15.exd5 Qb5
16.Rhe1 a5 17.Qe2 Qxe2 18.Rxe2 a4 19.Bc4 Rfc8 20.Bb5 Ra5 21.Bxf6 Bxf6 22.Bc6 a3
23.c3 Rb8 24.cxb4 Rxb4 25.b3 Rc5 26.Rc1 Bg5 27.Rxc5 dxc5 28.Re4 f5 29.Rxb4 cxb4
30.Kc2 Bf4  1/2-1/2

[Event "Qatar Masters Open 2023"]
[Site "Doha QAT"]
[Date "2023.10.17"]
[Round "6.2"]
[White "Nakamura,Hi"]
[Black "Paravyan,D"]
[Result "1/2-1/2"]
[WhiteElo "2780"]
[BlackElo "2599"]

1.d4 d5 2.c4 e6 3.Nf3 Nf6 4.Nc3 c5 5.cxd5 Nxd5 6.e4 Nxc3 7.bxc3 cxd4 8.cxd4 Bb4+
9.Bd2 Bxd2+ 10.Qxd2 O-O 11.Bc4 Nd7 12.O-O b6 13.Rad1 Bb7 14.Rfe1 Nf6 15.Bd3 Rc8
16.Qf4 Qc7 17.Qh4 h6 18.h3 Rfd8 19.Re3 a5 20.Rb1 a4 21.a3 Kf8 22.Bb5 Qc2
23.Rbe1 Bxe4 24.Rxe4 Nxe4 25.Rxe4 Qb1+ 26.Bf1 Rd5 27.Qf4 Kg8 28.Re1 Qb2 29.Ba6 g5
30.Qf6 Rc1 31.Rxc1 Qxc1+ 32.Bf1 Qxa3 33.Ne5 Rxe5 34.dxe5 Qc1 35.Qd8+ Kg7
36.Qf6+ Kg8 37.Qd8+ Kg7 38.Qf6+  1/2-1/2

[Event "Qatar Masters Open 2023"]
[Site "Doha QAT"]
[Date "2023.10.18"]
[Round "7.2"]
[White "Maghsoodloo,Parham"]
[Black "Nakamura,Hi"]
[Result "1/2-1/2"]
[WhiteElo "2707"]
[BlackElo "2780"]

1.c4 e6 2.Nc3 d5 3.cxd5 exd5 4.d4 c5 5.Nf3 Nf6 6.Bg5 Be6 7.a3 c4 8.Bxf6 Qxf6
9.Qa4+ Nd7 10.Ne5 Rd8 11.e4 a6 12.exd5 Bf5 13.g4 b5 14.Qd1 Nxe5 15.gxf5 Nd3+
16.Bxd3 cxd3 17.Qxd3 Be7 18.Ne4 Qb6 19.d6 Bxd6 20.f6 Be5 21.fxg7 Bxg7 22.d5 Bxb2
23.Ra2 Be5 24.Rg1 Qd4 25.Qxd4 Bxd4 26.Re2 Kd7 27.Rg5 Rc8 28.Rf5 Rhf8 29.Nf6+ Bxf6
30.Rxf6 a5  1/2-1/2

[Event "Qatar Masters Open 2023"]
[Site "Doha QAT"]
[Date "2023.10.19"]
[Round "8.2"]
[White "Nakamura,Hi"]
[Black "Pranav,V"]
[Result "1-0"]
[WhiteElo "2780"]
[BlackElo "2579"]

1.d4 Nf6 2.c4 e6 3.Nf3 b6 4.a3 Ba6 5.Qc2 Bb7 6.Nc3 c5 7.e4 cxd4 8.Nxd4 Bc5
9.Nb3 Nc6 10.f3 O-O 11.Nxc5 bxc5 12.Be3 d6 13.Bd3 Rc8 14.O-O Re8 15.Rfd1 Qe7
16.Qf2 Ne5 17.Be2 Ba6 18.b3 Red8 19.h3 Nc6 20.b4 cxb4 21.axb4 Nxb4 22.Ra4 d5
23.Rb1 Nc2 24.e5 Ne8 25.Bc1 d4 26.Ne4 Rc6 27.Bg5 f6 28.Bh4 Ne3 29.Rba1 Bxc4
30.exf6 gxf6 31.Rxa7 Rd7 32.Ra8 Kf7 33.f4 Bxe2 34.Qxe2 Rd5 35.Bf2 Nc4 36.Bxd4 Ncd6
37.R8a7 Nb7 38.Rxb7 Qxb7 39.Ra7  1-0

[Event "Qatar Masters Open 2023"]
[Site "Doha QAT"]
[Date "2023.10.20"]
[Round "9.2"]
[White "Narayanan,SL"]
[Black "Nakamura,Hi"]
[Result "1/2-1/2"]
[WhiteElo "2651"]
[BlackElo "2780"]

1.d4 Nf6 2.c4 e6 3.Nf3 b6 4.g3 Bb7 5.Bg2 Bb4+ 6.Bd2 Bxd2+ 7.Qxd2 O-O 8.O-O d6
9.Rd1 Nbd7 10.Qc2 Be4 11.Qc1 Bb7 12.Qf4 d5 13.Ne5 c6 14.Nc3 Rc8 15.e4 Qe7
16.Rac1 Nb8 17.cxd5 cxd5 18.exd5 Nxd5 19.Nxd5 Bxd5 20.Bxd5 exd5 21.Qf5 Rce8
22.h4 f6 23.Ng4 Qd6 24.Ne3 Rd8 25.h5 Nc6 26.Qf3 Ne7 27.Re1 g6 28.hxg6 hxg6
29.Ng2 Qd7 30.Nf4 Rc8 31.Rcd1 Rf7 32.Rd2 g5 33.Ne6 Ng6 34.Rde2 Nf8 35.Kg2 Nxe6
36.Rxe6 Kg7 37.Qa3 Rh8 38.Kg1 Qc8 39.Re7  1/2-1/2

[Event "CCT Final Playoff 2023"]
[Site "Toronto CAN"]
[Date "2023.12.09"]
[Round "1.1"]
[White "Nakamura,Hi"]
[Black "So,W"]
[Result "0-1"]
[WhiteElo "2788"]
[BlackElo "2752"]

1.d4 Nf6 2.Bg5 d5 3.e3 c5 4.Bxf6 gxf6 5.dxc5 e6 6.Nf3 Nd7 7.c4 dxc4 8.Bxc4 Nxc5
9.Qc2 Bg7 10.Bb5+ Bd7 11.Bxd7+ Qxd7 12.O-O Rc8 13.Rd1 Qa4 14.b3 Qe4 15.Qe2 f5
16.Nd4 O-O 17.h3 f4 18.Nd2 Qd3 19.Qxd3 Nxd3 20.N2f3 Rc3 21.exf4 Nxf4 22.Rab1 a6
23.h4 Rd8 24.Kf1 Nd3 25.Ne2 Rcc8 26.Rd2 Bh6 27.Rdd1 Bf8 28.Ng3 Be7 29.h5 Kg7
30.Ne2 Bc5 31.Nfd4 Nxf2 32.Kxf2 e5 33.Kf3 Bxd4 34.Rd2 Bb6 35.Rbd1 f5 36.g4 fxg4+
37.Kxg4 Kf6 38.Ng3 Rg8+ 39.Kh4 Bd4 40.Rf1+ Ke6 41.Nf5 Bc5 42.h6 Rcf8 43.Ng7+ Ke7
44.Rfd1 Bd4 45.Rc2 Kd6 46.Rdc1 Rf6 47.Kh5 Rf3 48.Kg4 Rf4+ 49.Kh5 Kd5 50.Rc7 Rf2
51.Rd7+ Ke4 52.Re1+ Kf3 53.Kg5 Be3+ 54.Kf6 Bxh6 55.Nf5 Bf4 56.Rd3+ Kg2 57.Nh4+ Kh2
58.Nf3+ Rxf3 59.Rxf3 h5 60.Rd1 h4 61.Kf5 Rg5+ 62.Ke4 h3 63.Rc3 Rg3 64.Rc7 b5
65.a4 Rxb3 66.Rc2+ Kg3 67.Rg1+ Kh4 68.Rc8 Rg3 69.Rh8+ Kg4 70.Rg8+ Kh4 71.R1xg3 Bxg3
72.Kf5 Bf4 73.Rg4+ Kh5 74.Rg8 h2  0-1

[Event "CCT Final Playoff 2023"]
[Site "Toronto CAN"]
[Date "2023.12.09"]
[Round "1.2"]
[White "So,W"]
[Black "Nakamura,Hi"]
[Result "1/2-1/2"]
[WhiteElo "2752"]
[BlackElo "2788"]

1.d4 Nf6 2.c4 c5 3.d5 e6 4.Nc3 exd5 5.cxd5 d6 6.e4 a6 7.a4 g6 8.h3 Bg7 9.Bd3 O-O
10.Nf3 Nbd7 11.O-O Nh5 12.Bg5 Qc7 13.Nd2 Rb8 14.a5 Ne5 15.Be2 f5 16.Bxh5 gxh5
17.Qxh5 b5 18.Bh6 Nd3 19.f4 fxe4 20.Ndxe4 Bf5 21.Bxg7 Qxg7 22.Nxd6 Bg6 23.Qg4 Qd4+
24.Kh2 Nxf4 25.Rae1 Nd3 26.Re4 Qg7 27.Nf5 Bxf5 28.Rxf5 Qxg4 29.Rxg4+ Kh8
30.Rxf8+ Rxf8 31.Ne4 c4 32.d6 Rd8 33.Nf6 Ne5 34.Rg3 Ng6 35.Ne4 Kg7 36.Rg5 Kf7
37.Rh5 Ke6 38.Nc5+ Kf6 39.Ne4+ Kg7 40.Rc5 Nf4 41.Rc6 Kf7 42.Rxa6 Ke6 43.Rb6 Ke5
44.Ng5 Rd7 45.Rxb5+ Kxd6  1/2-1/2

[Event "CCT Final Playoff 2023"]
[Site "Toronto CAN"]
[Date "2023.12.09"]
[Round "2.3"]
[White "Vachier Lagrave,M"]
[Black "Nakamura,Hi"]
[Result "1-0"]
[WhiteElo "2731"]
[BlackElo "2788"]

1.e4 e5 2.Nf3 Nf6 3.Nxe5 Nxe4 4.Qe2 Qe7 5.Qxe4 d6 6.f4 dxe5 7.fxe5 f5 8.Qe3 Nc6
9.Nc3 Nb4 10.Kd1 Be6 11.a3 Nc6 12.Bb5 g5 13.d3 h6 14.h4 Rg8 15.hxg5 hxg5
16.Bd2 Qd7 17.Qf3 O-O-O 18.Bxc6 bxc6 19.Qf2 c5 20.b4 c4 21.Qxa7 Qc6 22.b5 Qxg2
23.Rh7 Qb7 24.Qa6 Qxa6 25.bxa6 Bc5 26.Nb5 Rd7 27.Rh6 Bd5 28.Bb4 Bxb4 29.axb4 cxd3
30.cxd3 Kb8 31.Ke2 g4 32.Ke3 g3 33.Rg1 g2 34.Kf4 Re7 35.Kxf5 Rf7+ 36.Rf6 Rh7
37.e6 Re8 38.Rg6 Bxe6+ 39.Rxe6 Rh5+ 40.Kg4 Reh8 41.a7+ Kb7 42.a8=Q+ Kxa8
43.Nxc7+ Kb7 44.Na6 Rh1 45.Nc5+ Kc7 46.Ree1 Rg8+ 47.Kf3 Rh3+ 48.Ke2 Kc6 49.Kd2 Kb5
50.Kc3 Rh4 51.Ne4 Rh3 52.Re2 Ra8 53.Nd6+ Kc6 54.Nc4 Rd8 55.Ne5+ Kb5 56.Rgxg2 Rc8+
57.Kb3 Rc1 58.Ra2 Rb1+ 59.Rgb2  1-0

[Event "CCT Final Playoff 2023"]
[Site "Toronto CAN"]
[Date "2023.12.09"]
[Round "2.2"]
[White "Vachier Lagrave,M"]
[Black "Nakamura,Hi"]
[Result "1/2-1/2"]
[WhiteElo "2731"]
[BlackElo "2788"]

1.e4 e5 2.Nf3 Nf6 3.Nxe5 Nxe4 4.Qe2 Qe7 5.Qxe4 d6 6.d4 dxe5 7.dxe5 Nc6 8.Nc3 Qxe5
9.Qxe5+ Nxe5 10.Nb5 Bb4+ 11.Bd2 Bxd2+ 12.Kxd2 Kd8 13.f4 Ng4 14.Bc4 Bd7 15.Nc3 f5
16.Bd5 c6 17.Bf3 Nf6  1/2-1/2

[Event "CCT Final Playoff 2023"]
[Site "Toronto CAN"]
[Date "2023.12.09"]
[Round "2.1"]
[White "Nakamura,Hi"]
[Black "Vachier Lagrave,M"]
[Result "1/2-1/2"]
[WhiteElo "2788"]
[BlackElo "2731"]

1.d4 Nf6 2.Bg5 d5 3.e3 c5 4.Bxf6 gxf6 5.dxc5 Nc6 6.a3 e5 7.b4 a5 8.Nd2 axb4
9.axb4 Rxa1 10.Qxa1 Nxb4 11.Bb5+ Bd7 12.Bxd7+ Qxd7 13.Qa8+ Ke7 14.Qa5 Na6
15.Ne2 Qc7 16.Qa2 Qxc5 17.O-O Bg7 18.Rb1 Rb8 19.Ng3 Bf8 20.Nf5+ Ke8 21.c3 Qc6
22.h3 b5 23.Rd1 Nc5 24.Ng3 Na4 25.Ne2 Be7 26.Rc1 Kf8 27.Qb1 Kg8 28.Nf1 Ba3
29.Rc2 Kh8 30.Nfg3 Rg8 31.Qb3 Be7 32.Rd2 Rd8 33.Rd1 Qc4 34.Qb1 Nc5 35.Rd2 Na4
36.Rd1 Nc5 37.Kh1 Ne4 38.Nxe4 Qxe2 39.Rd2 Qc4 40.Ng3 Qxc3 41.Ra2 Qc5 42.Rc2 Qb6
43.Qc1 b4 44.Rc6 Qb5 45.Rc7 Qe8 46.Qc2 Bd6 47.Ra7 Ra8 48.Rxa8 Qxa8 49.Qb3 Qc6
50.Nf5 Kg8 51.e4 dxe4 52.Qg3+ Kf8 53.Qe3 Bc5 54.Qd2 Ke8 55.Ng7+ Kf8 56.Qh6 Ke7
57.Nf5+ Kd7 58.Qxh7 Qd5 59.Ng3 Bxf2 60.Qf5+ Kc6 61.Qxf6+ Kb5 62.Qxf2 b3 63.Qb2 e3
64.Ne2 Kb4 65.Qc3+ Ka3 66.Qa1+ Kb4 67.Qc3+ Ka3 68.Qa1+ Kb4 69.Qc3+  1/2-1/2